000 01712nam a22002297a 4500
999 _c62700
_d62700
003 Ge_BSU
005 20250124171016.0
008 250124s2024 ge ||||| |||| 00| 0 geo d
020 _a9789941992988
041 _ageo
080 _a392(=353.1)(560) + 94(=353.1)(560) ფ-97
100 _aფუტკარაძე, თამაზ
_924117
245 _aთურქეთის ქართველთა ეთნოლოგია-ეთნოგრაფიის ძირითადი პრობლემები :
_bდამხმარე სახელმძღვანელო ისტორიის სპეციალობის სტუდენტებისათვის /
_cთამაზ ფუტკარაძე; რედაქტორი ნოდარ შოშიტაშვილი; საქართველოს პარლამენტის ეროვნული ბიბლიოთეკა, ბათუმის შოთა რუსთაველის სახელმწ. უნივერსიტეტი.
264 _aთბილისი :
_bსაქართველოს პარლამენტის ეროვნული ბიბლიოთეკა,
_c2024.
300 _a490 გვ. :
_bილ., ფოტ. ;
_c21 სმ.
504 _aბიბლიოგრაფია: გვ. 457-486.
653 _aქართული ეთნოგრაფია
653 _aქართველები თურქეთში
700 _aშოშიტაშვილი, ნოდარ
_e რედაქტორი
_918031
773 _tნაჩუქარი
942 _2udc
_cᲬᲘᲒᲜᲘ